000 00269nam a22001097a 4500
008 230704b xxu||||| |||| 00| 0 eng d
082 _a341.02
_bUSD 1978
245 _aTreaties in Force
260 _bDepartment of State,USA
_c1978
300 _aVIII,397p
942 _2ddc
_cBK
999 _c3936
_d3936